Dictionary of education / (Record no. 126486)

MARC details
000 -LEADER
fixed length control field 00641nam a22002297a 4500
003 - CONTROL NUMBER IDENTIFIER
control field 0
005 - DATE AND TIME OF LATEST TRANSACTION
control field 20180725125011.0
008 - FIXED-LENGTH DATA ELEMENTS--GENERAL INFORMATION
fixed length control field 0
010 ## - LIBRARY OF CONGRESS CONTROL NUMBER
LC control number B-158649
020 ## - INTERNATIONAL STANDARD BOOK NUMBER
Terms of availability 00.00
035 ## - SYSTEM CONTROL NUMBER
System control number B-158649, B-158650
037 ## - SOURCE OF ACQUISITION
Source of stock number/acquisition Cen Lib/Ret
040 ## - CATALOGING SOURCE
Original cataloging agency DPL
Language of cataloging EN
Transcribing agency 0
082 ## - DEWEY DECIMAL CLASSIFICATION NUMBER
Classification number 370.3
Item number SHU
100 ## - MAIN ENTRY--PERSONAL NAME
Personal name Shukla, Ramesh
9 (RLIN) 17655
245 ## - TITLE STATEMENT
Title Dictionary of education /
Statement of responsibility, etc by Ramesh Shukla
260 ## - PUBLICATION, DISTRIBUTION, ETC. (IMPRINT)
Name of publisher, distributor, etc APH Publishing Corporation
Place of publication, distribution, etc New Delhi
Date of publication, distribution, etc 2005
270 ## - ADDRESS
City New Delhi
Address 5, ansari road, dariya ganj
Postal code 110002
300 ## - PHYSICAL DESCRIPTION
Extent 244p.
Dimensions 21cm(Hb)
650 ## - SUBJECT ADDED ENTRY--TOPICAL TERM
Topical term or geographic name as entry element Education
Form subdivision Dictionaries
9 (RLIN) 7666
942 ## - ADDED ENTRY ELEMENTS (KOHA)
Source of classification or shelving scheme Dewey Decimal Classification
Koha item type English Books
Classification part 370.3
Call number suffix SHU
Holdings
Withdrawn status Lost status Damaged status Not for loan Home library Current library Date acquired Source of acquisition Cost, normal purchase price Total Checkouts Full call number Barcode Date last seen Copy number Cost, replacement price Price effective from Koha item type Source of classification or shelving scheme Collection code
        Central Library Central Library 25/06/2015 Cen Lib/Ret 0.00   370.3 SHU B-158649 25/06/2015 1 0.00 25/06/2015 English Books    
        Patel Nagar Patel Nagar 25/07/2018 BPPD/PUB 0.00   370.3 SHU B-158650 25/07/2018   0.00 25/07/2018 English Books Dewey Decimal Classification Non-fiction

© Delhi Public Library
Hit Counter
free hit counter